logo

Bir Sreshtho Munshi Abdur Rouf Library
Jhenaidah Cadet College

বনদস্যুদের মুখোমুখি / (Record no. 13128)

MARC details
000 -LEADER
fixed length control field 00718nam a2200241 a 4500
001 - CONTROL NUMBER
JCCL Control Number 13128
003 - CONTROL NUMBER IDENTIFIER
JCCL marc code BD-JhCC
005 - DATE AND TIME OF LATEST TRANSACTION
control field 20230711103653.0
008 - FIXED-LENGTH DATA ELEMENTS--GENERAL INFORMATION
fixed length control field 171101s2018 bg |||| ||a| 00| 0 ben d
020 ## - INTERNATIONAL STANDARD BOOK NUMBER
International Standard Book Number 9847031502193
035 ## - SYSTEM CONTROL NUMBER
system control number (BD-JhCC)13128
040 ## - CATALOGING SOURCE
Original cataloging agency BD-JhCC
Modifying agency BD-JhCC
041 ## - LANGUAGE CODE
Language code of Book bengali
082 ## - DEWEY DECIMAL CLASSIFICATION NUMBER
Author mark and Year ALM 2018
Classification number 891.443
100 ## - MAIN ENTRY--PERSONAL NAME
Personal name আলম, বদরুল
245 ## - TITLE STATEMENT
Title বনদস্যুদের মুখোমুখি /
Statement of responsibility, etc বদরুল আলম।
260 ## - PUBLICATION, DISTRIBUTION, ETC. (IMPRINT)
Place of publication, distribution, etc ঢাকা :
Name of publisher, distributor, etc সাহিত্য কথা;
Date of publication, distribution, etc 2018.
300 ## - PHYSICAL DESCRIPTION
Pagination 95 p. :
Dimensions 21 cm.
490 ## - SERIES STATEMENT
Series statement ওরা ডানপিটে-৩
650 ## - SUBJECT ADDED ENTRY--TOPICAL TERM
Topical term or geographic name as entry element Bengali Detective Novel
942 ## - ADDED ENTRY ELEMENTS (KOHA)
Source of classification or shelving scheme Dewey Decimal Classification
Koha item type Books
Koha issues (borrowed), all copies 1
Holdings
Source of classification or shelving scheme Damaged status Not for loan Home library Current library Shelving location Date of accession Cost, normal purchase price Total Checkouts Full call number Barcode Date last seen Date checked out Copy number Method of acquisition Koha item type Currency
Dewey Decimal Classification     JCC Rouf Library JCC Rouf Library General Stacks 06/14/2023 180.00 1 891.443 ALM 2018 17908 03/03/2024 02/19/2024 C-1 Purchase Books BDT

JCC Library | Contacts | JCC Home

Last Update on 23 September 2017
Copyright @ 2017-2020 JCC Rouf Library
Rouf Library, Jhenidah Cadet College (JCC), Bangladesh